logo

Bir Sreshtho Munshi Abdur Rouf Library
Jhenaidah Cadet College

An anthology of Indian literature / (Record no. 9342)

MARC details
000 -LEADER
fixed length control field 00778cam a2200289 4500
001 - CONTROL NUMBER
JCCL Control Number 9342
003 - CONTROL NUMBER IDENTIFIER
JCCL marc code BD-JhCC
005 - DATE AND TIME OF LATEST TRANSACTION
control field 20230923120210.0
008 - FIXED-LENGTH DATA ELEMENTS--GENERAL INFORMATION
fixed length control field 720307s1971 enk b 000 0 eng
020 ## - INTERNATIONAL STANDARD BOOK NUMBER
International Standard Book Number 0140212485
035 ## - SYSTEM CONTROL NUMBER
system control number (BD-JhCC)9342
040 ## - CATALOGING SOURCE
Original cataloging agency DLC
Transcribing agency DLC
Modifying agency DLC
-- BD-JhCC
041 ## - LANGUAGE CODE
Language code of Book eng
050 00 - LIBRARY OF CONGRESS CALL NUMBER
Classification number PK2975
Item number .A4
082 00 - DEWEY DECIMAL CLASSIFICATION NUMBER
Classification number 891.1
Author mark and Year ANT 1971
245 13 - TITLE STATEMENT
Title An anthology of Indian literature /
Statement of responsibility, etc edited by John B. Alphonso-Karkala.
260 ## - PUBLICATION, DISTRIBUTION, ETC. (IMPRINT)
Place of publication, distribution, etc Harmondsworth,
Name of publisher, distributor, etc Penguin,
Date of publication, distribution, etc 1971.
300 ## - PHYSICAL DESCRIPTION
Pagination 630 p.
Dimensions 19 cm.
350 ## - PRICE (NR) (BK AM CF MU VM SE) [OBSOLETE]
Price £0.90
490 0# - SERIES STATEMENT
Series statement Pelican books
504 ## - BIBLIOGRAPHY, ETC. NOTE
Bibliography, etc Bibliography p. 617-627.
650 #0 - SUBJECT ADDED ENTRY--TOPICAL TERM
Topical term or geographic name as entry element India literature.
651 #0 - SUBJECT ADDED ENTRY--GEOGRAPHIC NAME
Geographic name India
General subdivision Literary collections.
700 ## - ADDED ENTRY--PERSONAL NAME
Personal name Alphonso-Karkala, John B.,
942 ## - ADDED ENTRY ELEMENTS (KOHA)
Source of classification or shelving scheme Dewey Decimal Classification
Koha item type Books
Holdings
Source of classification or shelving scheme Damaged status Not for loan Home library Current library Shelving location Date of accession Full call number Barcode Date last seen Copy number Method of acquisition Koha item type
Dewey Decimal Classification     JCC Rouf Library JCC Rouf Library General Stacks 09/23/2023 891.1 ANT 1971 12520 03/13/2018 C - 1 Purchase Books

JCC Library | Contacts | JCC Home

Last Update on 23 September 2017
Copyright @ 2017-2020 JCC Rouf Library
Rouf Library, Jhenidah Cadet College (JCC), Bangladesh